<?xml version="1.0" encoding="UTF-8"?>
<record
    xmlns:xsi="http://www.w3.org/2001/XMLSchema-instance"
    xsi:schemaLocation="http://www.loc.gov/MARC21/slim http://www.loc.gov/standards/marcxml/schema/MARC21slim.xsd"
    xmlns="http://www.loc.gov/MARC21/slim">

  <leader>00503nam a22001577a 4500</leader>
  <controlfield tag="005">20260327100539.0</controlfield>
  <controlfield tag="008">260327b        |||||||| |||| 00| 0 eng d</controlfield>
  <datafield tag="010" ind1=" " ind2=" ">
    <subfield code="a">QC21 .I34 2017Ike,Emeka .E</subfield>
  </datafield>
  <datafield tag="020" ind1=" " ind2=" ">
    <subfield code="a">9783289526</subfield>
  </datafield>
  <datafield tag="100" ind1=" " ind2=" ">
    <subfield code="a">IKE,EMEKA.E</subfield>
    <subfield code="f">2017.</subfield>
  </datafield>
  <datafield tag="245" ind1=" " ind2=" ">
    <subfield code="a">CALCULATIONS IN UNIVERSITY PHYSICS/</subfield>
    <subfield code="c">EMEKA E.IKE.</subfield>
  </datafield>
  <datafield tag="250" ind1=" " ind2=" ">
    <subfield code="a">1st.ed</subfield>
    <subfield code="b">Revised 2017.</subfield>
  </datafield>
  <datafield tag="260" ind1=" " ind2=" ">
    <subfield code="a">Rukuba  road, Jos.</subfield>
    <subfield code="b">Enic Educational Consultants</subfield>
    <subfield code="c">2017</subfield>
  </datafield>
  <datafield tag="300" ind1=" " ind2=" ">
    <subfield code="a">xi; 419.</subfield>
    <subfield code="b">including graphical tables and illus</subfield>
    <subfield code="c">21cm.</subfield>
  </datafield>
  <datafield tag="942" ind1=" " ind2=" ">
    <subfield code="2">lcc</subfield>
  </datafield>
  <datafield tag="999" ind1=" " ind2=" ">
    <subfield code="c">204</subfield>
    <subfield code="d">204</subfield>
  </datafield>
</record>
